| 000 | 00473nam a2200169Ia 4500 | ||
|---|---|---|---|
| 999 |
_c17923 _d17923 |
||
| 003 | OSt | ||
| 005 | 20200606120047.0 | ||
| 008 | 190216s9999||||xx |||||||||||||| ||und|| | ||
| 020 | _a81703706 | ||
| 040 | _cMESKC library | ||
| 082 |
_a891.431 _bKUM/M |
||
| 100 |
_aKumar, Susheel _9221 |
||
| 245 | 0 |
_aMeet Priya / _cSusheel Kumar |
|
| 260 |
_bPoorvodai Prakasan, _aDelhi: _c1987. |
||
| 300 | _a99p | ||
| 942 |
_cBK _2ddc _h891.431 _iKUM/M _k891.431 _mKUM/M |
||